| 000 | 01068nam a2200349 a 4500 | ||
|---|---|---|---|
| 003 | AR-BaBNM | ||
| 005 | 20251128205555.0 | ||
| 008 | 082120s2002 ||||||||||||||000 | spa|| | ||
| 020 | _a84-7738-181-X | ||
| 040 | _cAR-BaBNM | ||
| 100 | 1 | _aDelibes, Germán | |
| 245 | 0 | 0 |
_aLos orígenes de la civilización _bel Calcolítico en el Viejo Mundo |
| 260 |
_aMadrid _bSíntesis _c1993 |
||
| 300 |
_a218 p. _bmapas, il., láms., gráfs. |
||
| 490 | 0 |
_aHistoria Universal: Prehistoria _vv. 5 |
|
| 504 | _aBibliografía para consultar p. 205-218 | ||
| 650 | 4 | _aPREHISTORIA | |
| 650 | 4 | _aHISTORIA | |
| 650 | 4 | _aHOMBRE PREHISTORICO | |
| 650 | 4 | _aEXCAVACIONES ARQUEOLOGICAS | |
| 650 | 4 | _aINTERPRETACION ARQUEOLOGICA | |
| 650 | 4 | _aTRABAJO ARQUEOLOGICO SOBRE EL TERRENO | |
| 650 | 4 | _aGEOLOGIA HISTORICA | |
| 650 | 4 | _aCIVILIZACIONES ANTIGUAS | |
| 651 | 4 | _aEuropa | |
| 651 | 4 | _aAsia | |
| 700 | 1 | _aFernández-Miranda, Manuel | |
| 800 | 1 |
_aPlácido, Domingo _edirector |
|
| 800 | 1 |
_aFernández-Miranda, Manuel _ecoordinador |
|
| 942 | _cBK | ||
| 998 | _cMariana | ||
| 999 |
_c11956 _d11956 |
||